00598nam a22001817a 450000500170000001000130001702000260003003500130005603700090006908200110007824500980008926000370018727000560022430000350028050500560031570000200037170000250039120210412173646.0 aB-739784 a9788120835559c750.00 aB-739784 bGift00a491.25 aIndian grammars:bphilology and history /cedited by George Cardona [and] Madhav M. Deshpande aDelhibMotilal Banarsidassc2012 a41 U.A. Bungalow Road, Jawahar NagarbDelhie110007 axiii, 268p.:c22cm(Hb)bphotos aPapers of the 12th world Sanskrit conference vol. 4 aCardona, George aDeshpande, Madhav M.